000 00290nam a2200109Ia 4500
008 090707b ii f a fnsan d
100 _aBrar, Boota Singh
_919834
245 _aPunjabi viakran sidhant ate vihar
260 _aLudhiana
_bChetana Prakashan
_c2008
260 _c252p.
942 _cBK
999 _c22294
_d22294